| 000 | 00442nam a2200145Ia 4500 | ||
|---|---|---|---|
| 008 | 220204s9999 xx 000 0 und d | ||
| 082 |
_a630*81 _bTSO |
||
| 100 | _aTSOUMIS, George | ||
| 245 | 0 | _aWood as a raw material: Source structure chemical composition growth degradation and identification | |
| 260 |
_aOxford _bPergamon _c1968 |
||
| 650 | _aWood degradation | ||
| 650 | _aWood identification | ||
| 650 | _aWood structure | ||
| 942 | _cBK | ||
| 999 |
_c21189 _d21189 |
||